00495nam a2200133Ia 4500008004100000041000800041082001400049100001900063245007700082260004700159300000800206999001700214952013000231220803s9999 xx 000 0 und d aeng a741.2 DOS aDoshi B930207 aLe Corbusier And Louis I Kahn : The Acrobat And The Yogi Of Architecture b"Vastu Shilpa Foundation, Ahmedabad"c1986 a34p c19030d19030 00104073aBNCAbBNCAd2021-08-10ePrincipalg300.00o741.2 DOSpBNCA-DB-1802r2022-08-03 00:00:00w2022-08-03yDBzDB001802